Vista normal
Vista MARC
Entrada Personal Name
Número de registros utilizados en: 1
001 - CONTROL NUMBER
- control field: 9588
003 - CONTROL NUMBER IDENTIFIER
- control field: DLC
005 - DATE AND TIME OF LATEST TRANSACTION
- control field: 20190712112538.0
008 - FIXED-LENGTH DATA ELEMENTS
- fixed length control field: 060626n| azannaabn |a aaa
010 ## - LIBRARY OF CONGRESS CONTROL NUMBER
- LC control number: n 2006049888
035 ## - SYSTEM CONTROL NUMBER
- System control number: (CaEvSKY)skya7837193
040 ## - CATALOGING SOURCE
- Original cataloging agency: DLC
- Language of cataloging: spa
- Description conventions: rda
- Transcribing agency: Mx-PuUPA
- Modifying agency: MX-MxCID
- Modifying agency: Mx-PuUPA
100 1# - HEADING--PERSONAL NAME
- Personal name: García Figueroa, Alfonso,
373 ## - ASSOCIATED GROUP
- Associated group: Universidad de Castilla-La Mancha
- Associated group: Universität Regensburg
- Associated group: University of Oxford
- Associated group: Universität Kiel
- Associated group: Università di Genova
- Associated group: Università di Catania
- Source of term: naf
374 ## - OCCUPATION
- Occupation: Professor
- Occupation: Researcher
375 ## - GENDER
- Gender: man
377 ## - ASSOCIATED LANGUAGE
- Language code: spa
400 1# - SEE FROM TRACING--PERSONAL NAME
- Personal name: Figueroa, Alfonso García
670 ## - SOURCE DATA FOUND
- Source citation: Gascón Abellán, Marina. Interpretación y argumentación jurídica, 2004:
- Information found: t.p. (Alfonso García Figueroa)
670 ## - SOURCE DATA FOUND
- Source citation: Criaturas de la moralidad :una aproximación neoconstitucionalista al Derecho a través de los derechos, 2009:
- Information found: title page (Alfonso García Figueroa) flap (profesor titular de Filosofía del derecho en la Universidad de Castilla-La Mancha, ha disfrutado de estancias de investigación en Oxford, Ratisbona, Kiel, Génova y Catania)
670 ## - SOURCE DATA FOUND
- Source citation: Argumentación jurídica, 2014:
- Information found: portada (Alfonso García Figueroa)
670 ## - SOURCE DATA FOUND
- Source citation: Biblioteca del congreso (Estados Unidos), 12 julio 2019:
- Information found: catálogo electrónico
- Uniform Resource Identifier: https://authorities.loc.gov/cgi-bin/Pwebrecon.cgi?AuthRecID=6889517&v1=1&HC=1&SEQ=20190712122038&PID=BAKVtqMhwzKVte2hNzR7LGlmIFL